000 00715nam a2200289Ia 4500
008 210210b2013 xxu||||| |||| 00| 0 eng d
020 _a9781107046061
041 _aeng
082 _a320.954 TUDP
100 _aTUDOR (Maya)
245 _aPromise of power: the origins of democracy in India and autocracy in Pakistan
260 _aNew Delhi
_bCambridge University Press
_c2013
300 _axiii,240
650 _athe
650 _aPromise
650 _apower:
650 _aPakistan
650 _aorigins
650 _aof
650 _aIndia
650 _ain
650 _ademocracy
650 _aautocracy
650 _aand
690 _aPolitical Situation & Condition
906 _a067937
999 _c152349
_d152349